| 000 | 00663cam a2200205 a 4500 | ||
|---|---|---|---|
| 020 | _a0815709293 (pbk.) | ||
| 020 | _a0815709307 | ||
| 082 | 0 | 0 |
_a355.43 _bBET _cL-40, P-06 |
| 100 | 1 |
_aBetts, Richard K., _948827 |
|
| 245 | 1 | 0 |
_aSurprise attack : _blessons for defense planning / _cRichard K. Betts. |
| 260 |
_aWashington, D.C. : _bBrookings Institution, _cc1982. |
||
| 300 |
_axii, 318 p. ; _c24 cm. |
||
| 526 |
_a0 _b0 _c0 _d355_430000000000000_BET |
||
| 526 |
_a0 _b0 _c0 _d355_430000000000000_BET |
||
| 650 | 0 |
_aMCE. _9379 |
|
| 650 | 0 |
_aMilitary history, Modern _936714 |
|
| 650 | 0 | _aStrategy. | |
| 650 | 0 |
_aSurprise (Military science) _947045 |
|
| 942 |
_2ddc _cBK |
||
| 999 |
_c551691 _d551691 |
||